| 000 | 02663cam a22003374a 4500 | ||
|---|---|---|---|
| 001 | 16488191 | ||
| 003 | OSt | ||
| 005 | 20240216104039.0 | ||
| 008 | 101004s2011 enka bf 001 0 eng | ||
| 010 | _a 2010038955 | ||
| 016 | 7 |
_a015654439 _2Uk |
|
| 020 | _a9780754675808 (hardback : alk. paper) | ||
| 020 | _a0754675807 (hardback : alk. paper) | ||
| 020 | _a9781409411710 (ebook) | ||
| 020 | _a1409411710 (ebook) | ||
| 035 | _a(OCoLC)ocn669269773 | ||
| 040 |
_aDLC _cDLC _dYDX _dCDX _dYDXCP _dFER _dUKMGB _dDLC |
||
| 042 | _apcc | ||
| 050 | 0 | 0 |
_aTA167 _b.H36 2011 |
| 082 | 0 | 0 |
_a620.82 _222 _bHAN |
| 245 | 0 | 4 |
_aThe handbook of human-machine interaction: _ba human-centered design approach / _cedited by Guy A. Boy. |
| 260 |
_aFarnham, Surrey, England ; _aBurlington, VT : _bAshgate, _cc2011. |
||
| 300 |
_axxii, 455 p. : _bill. ; _c26 cm. |
||
| 504 | _aIncludes bibliographical references and index. | ||
| 505 | 0 | _apt. I. Analysis. Analysis, modeling, and simulation of human operator's mental activities ; Psychophysiology and performance : considerations for human-centered design ; Automation and situation awareness ; Human error, interaction, and the development of safety-critical systems ; Operating documents that change in real-time : dynamic documents and user performance support ; The authority issue in organizational automation -- pt. II. Design. Scenario-based design ; Socio-cognitive issues in human-centered design for the real world ; Cognitive function analysis in the design of human and machine multi-agent systems ; Authority and cooperation between humans and machines ; Formal description techniques for human-machine interfaces : model-based approaches for the design and evaluation of dependable usable interactive systems ; Designing human-automation interaction ; Human-agent interaction -- pt. III. Evaluation. From usability to user experience with interactive systems ; Designing and evaluating user experience ; Eye tracking from a human factors perspective ; Operator fatigue : implications for human-machine interaction ; Transversal perspectives on human-machine interaction : the effect of age in human-machine systems ; Error on the flight deck : interfaces, organizations, and culture ; The diminishing relevance of human-machine interaction -- Conclusion and perspectives : from automation to interaction design. | |
| 650 | 0 |
_aHuman-machine systems _vHandbooks, manuals, etc. _9120627 |
|
| 700 | 1 |
_aBoy, Guy A. _998784 |
|
| 906 |
_a7 _bcbc _corignew _d1 _eecip _f20 _gy-gencatlg |
||
| 942 |
_2ddc _cREF _aSADA _kREF 620.82 HAN 2011 |
||
| 999 |
_c607810 _d607810 |
||